000
00308nam a22001217a 4500
020
_a
9789380963570
082
_a
631.587
_b
SWA/WA
100
_a
Swaroop,Udai
_9
927
245
_a
Water Harvesting :Treatment and Technology
260
_a
Delhi
_b
Signature Books International
_c
2013
300
_a
264
942
_c
BK
999
_c
14531
_d
14531